000 01138nam a2200277 i 4500
001 bg
245 0 0 _aDoktryny polityczne XIX i XX wieku :
_bliberalizm, konserwatyzm, socjalizm, doktryna socjaldemokracji, nauczanie społeczne Kościoła, totalitaryzm /
_cpod red. Krystyny Chojnickiej i Wiesława Kozuba-Ciembroniewicza ; [aut. Marian Bębenek et al.].
260 _aKraków :
_bWydaw. Uniwersytetu Jagiellońskiego,
_ccop. 2000.
300 _a385, [1] s. ;
_c23 cm.
504 _aBibliogr. - Indeks.
650 9 _aIdeologia
_y19-20 w.
650 9 _aNauka społeczna Kościoła katolickiego
650 9 _aPaństwo
_xustrój
_xteoria
_y19-20 w.
655 _aPodręczniki akademickie
700 1 _aKOZUB-CIEMBRONIEWICZ, Wiesław
_d(1944- ).
_eRed.
700 1 _aCHOJNICKA, Krystyna.
_eRed.
700 1 _aBĘBENEK, Marian
020 _a8323312354
040 _cBPK
041 0 _apl
080 _a321.01:330.86/.87:322:172:282]"18/19"(075.8)
920 _a83-233-1235-4
942 _cKS
008 s pl f |000 0 pol
999 _c40543
_d40543
856 _uhttp://koha.tu.koszalin.pl/cgi-bin/koha/opac-detail.pl?biblionumber=40543
_yKatalog online BPK